Dibujo técnico / (Record no. 65405)

MARC details
000 -LEADER
campo de control de longitud fija 00585nam a2200205 i 4500
001 - NÚMERO DE CONTROL
campo de control 65405
003 - IDENTIFICADOR DE NÚMERO DE CONTROL
campo de control ES-MaACL
005 - FECHA Y HORA DE LA ÚLTIMA TRANSACCIÓN
campo de control 20250815121017.0
007 - CAMPO FIJO DE DESCRIPCIÓN FÍSICA--INFORMACIÓN GENERAL
campo de control de longitud fija t|
008 - DATOS DE LONGITUD FIJA--INFORMACIÓN GENERAL
campo de control de longitud fija 040113s1968 sp ||||1| spa d
080 ## - NÚMERO DE LA CLASIFICACIÓN DECIMAL UNIVERSAL
Número de la Clasificación Decimal Universal 744:621.7
100 1# - ENTRADA PRINCIPAL--NOMBRE DE PERSONA
Nombre de persona French, Thomas E.
9 (RLIN) 52508
245 10 - MENCIÓN DEL TÍTULO
Título Dibujo técnico /
Mención de responsabilidad, etc. por Thomas E. French y Carl L. Svensen.
260 ## - PUBLICACIÓN, DISTRIBUCIÓN, ETC.
Lugar de publicación, distribución, etc. Barcelona :
Nombre del editor, distribuidor, etc. Gustavo Gili,
Fecha de publicación, distribución, etc. 1968.
300 ## - DESCRIPCIÓN FÍSICA
Extensión VII, 552 p. :
Otras características físicas il. ;
Dimensiones 25 cm.
650 #7 - PUNTO DE ACCESO ADICIONAL DE MATERIA--TÉRMINO DE MATERIA
Término de materia o nombre geográfico como elemento de entrada Dibujo técnico
Fuente del encabezamiento o término embne
9 (RLIN) 11874
700 1# - ENTRADA AGREGADA--NOMBRE PERSONAL
Nombre de persona Svensen, Carl L.
9 (RLIN) 108900
852 ## - LOCALIZACIÓN
Ubicación ES-MaACL
Número de control de estantería C-34907
Holdings
Estatus retirado Estado de pérdida Estado de daño No para préstamo Biblioteca de origen Biblioteca actual Ubicación en estantería Fecha de adquisición Fuente de adquisición Total de préstamos Signatura topográfica completa Código de barras Visto por última vez Precio de reemplazo Tipo de ítem Koha
        Biblioteca del Ateneo de Madrid Biblioteca del Ateneo de Madrid Depósito 2 17/01/2008     C-34907 1068526 23/02/2023 23/02/2023 Libro impreso